Ekonomika Holandska diplomová práca

Enregistré dans:
Détails bibliographiques
Auteur principal: Hrdlovič, Roman
Collectivité auteur: Fakulta medzinárodných vzťahov EU. Katedra medzinárodných ekonomických vzťahov a hospodárskej diplomacie
Autres auteurs: Harakaľová, Ľubica, 1963-
Format: Livre
Langue:slovaque
Publié: Bratislava 2017
Tags: Ajouter un tag
Pas de tags, Soyez le premier à ajouter un tag!

MARC

LEADER 00000nbm a2200000 4500
001 0232039
005 20180220154512.8
041 0 |a slo 
044 |a SK 
245 1 0 |a Ekonomika Holandska  |b diplomová práca  |c Roman Hrdlovič ; školiteľ: Ľubica Harakaľová 
264 1 |a Bratislava  |c 2017 
300 |a 82 s. 
100 1 |a Hrdlovič, Roman 
700 1 |a Harakaľová, Ľubica, 1963- 
710 2 |a Fakulta medzinárodných vzťahov EU. Katedra medzinárodných ekonomických vzťahov a hospodárskej diplomacie